=LDR 00000nam 2200000 4500 =001 INLIS000000000016709 =005 20130612111950 =008 ***********************************Ind** =035 ##$$0010-061300000016709 =041 ##$$a Ind =082 ##$$a R.352.007 220 421 598 44 =090 ##$$a R.352.007 220 421 598 44, Sta s =245 ##$$a Statistik potensi desa propinsi Kalimantan Selatan, Village potensial statistics pravince of Kalimantan Selatan =260 ##$$a 2003 $b Jakarta =300 ##$$a xv, 359 hlm, 28 cm =650 ##$$a Desa Potensi-Statistik Kalimantan Selatan =850 ##$$a NBPNMAT